Biblioteca

El SIDA : (Registro nro. 52012)

Detalles MARC
000 -LÍDER
Campo fijo de descripción fija 01066aab a2200193 i 4500
001 - NÚMERO DE CONTROL
Campo de control 768714001
003 - IDENTIFICADOR DEL NÚMERO DE CONTROL
Campo de control CO-MdFUSB
005 - FECHA Y HORA DE LA ULTIMA TRANSACCIÓN
control field 20250729162136.0
008 - ELEMENTOS DE LONGITUD FIJA -- INFORMACIÓN GENERAL
Campo fijo de descripción fija -- Información general 250729t1993 ag ||||| |||| 00| 0 spa d
040 ## - FUENTE DE CATALOGACIÓN
Idioma de catalogación spa
Agencia que realiza la transcripción CO-MdFUSB
100 1# - ASIENTO PRINCIPAL--NOMBRE PERSONAL
Nombre personal Oliva Padilla, Enoc
Término relacionador autor
245 10 - TÍTULO
Título El SIDA :
Subtitulo una oportunidad de servicio
Mención de responsabilidad / Enoc Oliva Padilla
300 ## - DESCRIPCIÓN FÍSICA
Extensión Volumen 12, número 4 (octubre - diciembre, 1993), Páginas 9-10
Dimensiones ; 27 cm
520 ## - NOTA DE RESUMEN, ETC.
Nota de sumario, etc. El SIDA no respeta raza, sexo, edad, religión, clase social ni nacionalidad y, a pesar de los científicos, aún no tiene cura.<br/>Es necesario que la iglesia también aprenda sobre las formas de transmisión y cómo no se transmite (el contacto casual; usar los mismos utensilios para comer, el mismo baño, la cama, la ropa; jugar un mismo deporte, abrazar, besar), para que se haga una pastoral completa sin prejuicios ni barreras.
650 ## - ASIENTO SECUNDARIO DE MATERIA - TERMINO TEMÁTICO
Subdivisión de forma SIDA
773 0# - ASIENTO DE ITEM FUENTE
Título Iglesia y Misión
Biblionumber 49402
Itemnumber 59656
Parte(s) relacionada(s) / Volumen., número. (mes año), páginas Volumen 12, número 4 (octubre - diciembre, 1993), páginas 9 - 10
Enumeración y primera página página 9
942 ## - TIPO DE MATERIAL (KOHA)
Tipo de Item KOHA Artículos de Revista
945 ## - INFORMACIÓN LOCAL DEL REGISTRO
Catalogador JTF-925

No hay ítems disponibles.

Biblioteca FUSBC | Teléfono: (57+4) 349 88 10 Ext. 141| WhatsApp (+57) 3005338115 
E-mail: biblioteca@unisbc.edu.co | Calle 76 87-14 Robledo Palenque, Medellín, Colombia

Con tecnología Koha